00449nam a2200145Ia 4500008004100000020001500041041000800056082001600064100001900080245012300099250000600222260004500228300001200273650001800285210716s2002 xx 000 0 und d a8126502525 aeng a153.94 BOBJ aBobrow, Jerry. aGmat cat: Computer adaptive graduate management admission test.bComputer adaptive graduate management admission test. a8 aNew DelhibIDG Books India (P) Ltdc2002 axii,432 aAptitude Test